Top 120 Largest Countries by Area - Quiz - Statistics

General Stats
  • This quiz has been taken 118 times
  • The average score is 91 of 120
Answer Stats
Rank Country % Correct
#2 Canada
97%
#1 Russia
97%
#3 China
95%
#4 United States
95%
#6 Australia
93%
#7 India
93%
#5 Brazil
91%
#8 Argentina
89%
#9 Kazakhstan
89%
#33 Pakistan
89%
#62 Germany
88%
#13 Mexico
88%
#12 Saudi Arabia
88%
#51 Spain
88%
#79 United Kingdom
88%
#10 Algeria
86%
#11 Democratic Republic of the Congo
86%
#48 France
86%
#61 Japan
86%
#55 Sweden
86%
#14 Indonesia
85%
#72 Italy
85%
#40 Afghanistan
84%
#17 Iran
84%
#18 Mongolia
84%
#19 Peru
84%
#37 Chile
82%
#25 Colombia
82%
#29 Egypt
82%
#47 Kenya
82%
#110 Portugal
82%
#15 Sudan
82%
#105 Cuba
81%
#65 Finland
81%
#57 Morocco
81%
#75 New Zealand
81%
#21 Niger
81%
#68 Norway
81%
#24 South Africa
81%
#36 Turkey
81%
#44 Ukraine
81%
#32 Venezuela
81%
#27 Bolivia
80%
#58 Iraq
80%
#67 Malaysia
80%
#31 Nigeria
80%
#59 Paraguay
80%
#64 Republic of the Congo
80%
#82 Romania
80%
#30 Tanzania
80%
#50 Thailand
80%
#56 Uzbekistan
80%
#96 Greece
78%
#70 Poland
78%
#90 Uruguay
78%
#49 Yemen
78%
#26 Ethiopia
77%
#23 Mali
77%
#88 Syria
77%
#52 Turkmenistan
77%
#66 Vietnam
77%
#114 Austria
76%
#104 Bulgaria
76%
#20 Chad
76%
#119 Ireland
76%
#39 Myanmar
76%
#71 Oman
76%
#63 Philippines
76%
#41 Somalia
76%
#85 Belarus
74%
#89 Cambodia
74%
#83 Laos
74%
#16 Libya
74%
#43 South Sudan
74%
#60 Zimbabwe
74%
#22 Angola
73%
#116 Czech Republic
73%
#73 Ecuador
73%
#81 Ghana
73%
#35 Mozambique
73%
#97 Nicaragua
72%
#117 Panama
72%
#69 Côte d'Ivoire
70%
#106 Guatemala
70%
#45 Madagascar
70%
#34 Namibia
70%
#112 Serbia
70%
#95 Tajikistan
70%
#102 Honduras
69%
#109 Hungary
69%
#28 Mauritania
69%
#94 Nepal
69%
#38 Zambia
69%
#107 Iceland
68%
#98 North Korea
68%
#54 Papua New Guinea
68%
#108 South Korea
68%
#93 Bangladesh
66%
#80 Uganda
66%
#42 Central African Republic
65%
#76 Gabon
65%
#92 Tunisia
65%
#113 Azerbaijan
64%
#84 Guyana
64%
#86 Kyrgyzstan
64%
#87 Senegal
64%
#46 Botswana
62%
#53 Cameroon
62%
#78 Guinea
62%
#103 Liberia
62%
#91 Suriname
62%
#111 Jordan
61%
#120 Georgia
59%
#100 Eritrea
58%
#74 Burkina Faso
57%
#115 United Arab Emirates
57%
#118 Sierra Leone
54%
#99 Malawi
53%
#101 Benin
51%
#77 Western Sahara
9%
No matching quizzes found
Score Distribution
Percent of People with Each Score
Percentile by Number Answered
Your Score History
You have not taken this quiz